| 000 | 00386 a2200169 4500 | ||
|---|---|---|---|
| 001 | 68779 | ||
| 020 | _a8526263404 | ||
| 040 | _cAnchieta - Itaigara | ||
| 100 | _aSallout, Elza César | ||
| 240 | 1 | 0 |
_aSabe o que a girafa espiou? _lpor |
| 245 | 1 | 0 | _aSabe o que a girafa espiou? |
| 300 | _a16 | ||
| 362 | 0 | _a2006 | |
| 440 | 1 | _aScipione | |
| 650 | 4 | _aLiteratura infantil | |
| 942 | _cBK | ||
| 999 |
_c68779 _d68779 |
||